Luật bảo hiểm xã hội

Nội dung sách giới thiệu về quyền, trách nhiệm của người lao động người sử dụng lao động, bảo hiểm xã hội bắt buộc, bảo hiểm xã hội tự nguyện.

Đã lưu trong:
书目详细资料
Nhiều tác giả của công ty: Việt Nam (Cộng hoà xã hội chủ nghĩa), Quốc hội
格式: 图书
语言:Undetermined
出版: Hà Nội Chính trị quốc gia 2010
主题:
标签: 添加标签
没有标签, 成为第一个标记此记录!
Thư viện lưu trữ: Trung tâm Học liệu Trường Đại học Cần Thơ
LEADER 00975nam a2200229Ia 4500
001 CTU_159690
008 210402s9999 xx 000 0 und d
020 |c 13000 
082 |a 344.59702 
082 |b V308 
110 |a Việt Nam (Cộng hoà xã hội chủ nghĩa) 
110 |b Quốc hội 
245 0 |a Luật bảo hiểm xã hội 
245 0 |c Việt Nam (Cộng hoà xã hội chủ nghĩa). Quốc hội 
260 |a Hà Nội 
260 |b Chính trị quốc gia 
260 |c 2010 
520 |a Nội dung sách giới thiệu về quyền, trách nhiệm của người lao động người sử dụng lao động, bảo hiểm xã hội bắt buộc, bảo hiểm xã hội tự nguyện. 
650 |a Insurance law,Luật bảo hiểm 
650 |z Vietnam,Việt Nam 
904 |i Trọng Hải 
980 |a Trung tâm Học liệu Trường Đại học Cần Thơ